000 00449nam a22001697a 4500
005 20250108145305.0
008 241217b ||||| |||| 00| 0 eng d
040 _cAL
041 _aEnglish
082 _223
_a348.04
_bCHAI
100 _aJagjit Singh Chawla
_9192689
245 _aIndian Civil Cases: Vol 33 2004(1)
260 _aChandigarh
_b ICC Publications
_c2004
300 _a846 p.
_bHB
650 _aCivil Laws
_9191264
942 _2ddc
_cBI
999 _c233489
_d233489